000 01354cam a2200325 a 4500
999 _c20292
_d20292
001 11925245
005 20170118165016.0
008 000229s2000 enka b 001 0 eng
010 _a 00028038
020 _a0415236142 (hb)
020 _a0415236150 (pb)
042 _apcc
043 _aa-io---
050 0 0 _aNA1526 .K87 2000
100 1 _aKusno, Abidin,
_d1966-
245 1 0 _aBehind the postcolonial :
_barchitecture, urban space, and political cultures in Indonesia /
_cAbidin Kusno.
260 _aLondon ;
_aNew York :
_bRoutledge,
_c2000.
300 _axiv, 250 p. :
_bill. ;
_c26 cm.
440 0 _aArchitext series
504 _aIncludes bibliographical references (p. 213-246) and index.
650 0 _aArchitecture
_zIndonesia
_xHistory
_y20th century.
650 0 _aCity planning
_zIndonesia
_xHistory
_y20th century.
650 0 _aPostcolonialism
_zIndonesia.
856 4 2 _3Publisher description
_uhttp://www.loc.gov/catdir/enhancements/fy0650/00028038-d.html
942 _2lcc
_cBOOKS